000
00236 a2200085 4500
020
_a
9781032517162
100
_a
Tan Yigitcanlar
245
_a
st Edition Smart City Blueprint Framework, Technology, Platform
260
_b
Chapman & Hall
_c
2023
999
_c
13122
_d
13122